| 000 | 00375nam a2200145Ia 4500 | ||
|---|---|---|---|
| 008 | 230917s9999||||xx |||||||||||||| ||und|| | ||
| 040 |
_e58543 _aMAIN |
||
| 041 | _aEnglish | ||
| 082 | _a829.441 T129C | ||
| 100 | _aTagore Rabindranath | ||
| 245 | 0 | _aCollected poems and plays of Rabindranath Tagore | |
| 260 |
_aLondon _bMacmillan _c1977 |
||
| 300 | _a577 p. | ||
| 942 | _cBK | ||
| 999 |
_c188671 _d188671 |
||